000 00548nam a2200205Ia 4500
005 20250923145657.0
008 008 250917s9999 xx 000 0 eng d
037 _aTextual
040 _aDSWL
_beng
_cDSWL
041 _aeng
_2eng
084 _aX:8M, N75
_qDSWL
100 _aBetts, P.W.
_9837838
245 0 _aOffice management
_c by P.W.Betts
260 _aLondon
_bTeach Yourself books
_c1975
300 _ax,310 p.
365 _aGBP
_b1.95
925 _g1.95
942 _cTEXL
_hX:8M, N75
999 _c1454245
_d1454245